| 000 | 00447nam a2200193Ia 4500 | ||
|---|---|---|---|
| 008 | 170918s9999 xx 000 0 und d | ||
| 020 | _a9780439836968 | ||
| 050 | _bS291 2003 | ||
| 100 | _aSchachner, Judy | ||
| 245 | _aSkippyjon Jones / | ||
| 245 | _cJudy Schachner. | ||
| 260 | _aNew York : | ||
| 260 | _bScholastic, | ||
| 260 | _c2003 | ||
| 300 | _aunpaged : | ||
| 300 | _bcolored illustration ; | ||
| 300 | _c23cm. | ||
| 500 | _a740 | ||
| 999 |
_c342646 _d342646 |
||